Strategic Management

Saved in:
Bibliographic Details
Main Author: Sharplin, Arthur
Format: Book
Language:English
Published: New York McGraw-Hill 1985
Subjects:
Online Access:View in OPAC
Tags: Add Tag
No Tags, Be the first to tag this record!

MARC

LEADER 00000nam a22000001i 4500
005 20260127133950.0
008 090725s1985 US ak rp 001 eng d
020 |a 0070565139  |c 248,- Kčs 
035 |a vtls009665695 
035 |a (SVKBBclas03)vtls000034472 
039 9 |y 200907250302  |z VLOAD 
040 |a SVKBB  |b slo  |c SVKBB  |e AACR2 
041 0 |a eng 
080 |a 65.01(075) 
090 |a B 26386 
100 1 |a Sharplin, Arthur. 
245 0 0 |a Strategic Management  |c Arthur Sharplin 
260 |a New York  |b McGraw-Hill  |c 1985 
300 |a 17, 588 s.  |b Reg., pozn., tab., grafy, sch., obr.  |c 24 cm 
653 |a riadenie strategické - teória. 
653 |a riadenie  |x organizácia. 
653 |a manažérstvo strategické - teória. 
973 |a m 573401 D 
999 |c 1053  |d 1053